banner-ar

المرأة .. و الفن فى مصر / (Record no. 61119)

MARC details
000 -الفاتح
حقل البيانات ثابتة الطول 00782nam a22002297a 4500
005 - وقت وتاريخ اخر تعامل مع التسجيلة
رقم الضبط 20240530110444.0
008 - عناصر البيانات ثابتة الطول - معلومات عامة
حقل البيانات ثابتة الطول 150427s2006 ua f 000 0 ara d
017 ## - رقم الايداع القانونى
رقم الايداع القانونى 2006/3771
المصدر ( الهيئة المختصة) مصر . دار الكتب المصرية
020 ## - الرقم الدولى المعيارى للكتب
الرقم الدولى المعيارى للكتاب 9774190726
040 ## - مصدر الفهرسة
وكالة الفهرسة الأصلية EG-CaGPL
082 04 - رقم تصنيف ديوى العشرى
رقم الطبعة 21
رقم التصنيف 709
رقم المادة ق/م م
100 0# - المدخل الرئيسى - إسم شخصى
الإسم الشخصى محمد حمزة
245 12 - بيان العنوان
العنوان المرأة .. و الفن فى مصر /
بيان المسئوليه,etc محمد حمزة
260 ## - PUBLICATION, DISTRIBUTION, ETC. (IMPRINT)
تاريخ النشر أو التوزيع 2006 .
300 ## - الوصف المادى
التعداد 295 ص :
أبعاد الوعاء 20 سم
600 04 - المدخل الاضافى بالموضوع-اسم شخصى
الإسم الشخصى غادة عامر
650 04 - المدخل الاضافى بالموضوع-مصطلح موضوعى
مصطلح موضوعي المرأة
التقسيم الفرعي العام تراجم
650 04 - المدخل الاضافى بالموضوع-مصطلح موضوعى
مصطلح موضوعي المصورون المصريون
650 04 - المدخل الاضافى بالموضوع-مصطلح موضوعى
مصطلح موضوعي المرأة فى الفن
942 ## - عناصر المدخل الإضافي( كوها)
مصدر التصنيف او مخطط الترفيف Dewey Decimal Classification
Koha [default] item type كتاب
260 ## - PUBLICATION, DISTRIBUTION, ETC. (IMPRINT)
-- القاهرة :
-- الهيئة المصرية العامة للكتاب ،
Holdings
حالة التراجع حالة الفقد حالة تلف ليس للاعارة المكان المؤقت الموقع الحالى تاريخ الاكتساب اجمالي اﻻعارات رقم الطلب الباركود تاريخ اخر مشاهدة تاريخ تفعيل السعر نوع وعاء كوها
        مكتبة القاهرة الكبرى مكتبة القاهرة الكبرى 04/27/2015   709 ق/م م 160343 04/27/2015 04/27/2015 كتاب

Powered By

EGPV